000 00562nam a2200193Ia 4500
003 OSt
005 20250710151944.0
008 210210b1994 xxu||||| |||| 00| 0 eng d
040 _cAL
041 _aKannada
082 _aK894.4 NIRS
100 _aNIRANJANA VANALLI.
_dನಿರಂಜನ ವಾನಳ್ಳಿ
_9218045
245 _aSodigaddeya cheluveyaru.
_bಸೋಡಿಗದ್ದೆ ಚೆಲುವೆಯರು.
260 _aShirasi
_bBakula Prakashana
_c1994
300 _a100
690 _aKannada Prose
_9218046
906 _a048691
942 _2ddc
_cBK
999 _c97593
_d97593